<?xml version="1.0" encoding="UTF-8"?>
<record
    xmlns:xsi="http://www.w3.org/2001/XMLSchema-instance"
    xsi:schemaLocation="http://www.loc.gov/MARC21/slim http://www.loc.gov/standards/marcxml/schema/MARC21slim.xsd"
    xmlns="http://www.loc.gov/MARC21/slim">

  <leader>01230nam2a22002531  4500</leader>
  <controlfield tag="001">rc\269157</controlfield>
  <controlfield tag="005">20250621063026.0</controlfield>
  <datafield tag="010" ind1=" " ind2=" ">
    <subfield code="a">5-86529-006-1</subfield>
    <subfield code="9">25000</subfield>
  </datafield>
  <datafield tag="035" ind1=" " ind2=" ">
    <subfield code="a">(NLR Aleph) 005625186</subfield>
  </datafield>
  <datafield tag="090" ind1=" " ind2=" ">
    <subfield code="a">6527644</subfield>
    <subfield code="c">6527644</subfield>
  </datafield>
  <datafield tag="100" ind1=" " ind2=" ">
    <subfield code="a">20030307d1994    |||y0rusy50      ca</subfield>
  </datafield>
  <datafield tag="101" ind1="0" ind2=" ">
    <subfield code="a">rus</subfield>
  </datafield>
  <datafield tag="102" ind1=" " ind2=" ">
    <subfield code="a">RU</subfield>
  </datafield>
  <datafield tag="105" ind1=" " ind2=" ">
    <subfield code="a">a   |||||||||</subfield>
  </datafield>
  <datafield tag="200" ind1="1" ind2=" ">
    <subfield code="a">&#x412;&#x441;&#x435; &#x43A;&#x440;&#x430;&#x441;&#x43D;&#x43E;&#x435;</subfield>
    <subfield code="f">&#x41F;&#x435;&#x440;. &#x412;. &#x421;&#x435;&#x43B;&#x438;&#x432;&#x430;&#x43D;&#x43E;&#x432;&#x43E;&#x439;</subfield>
    <subfield code="a">&#x41F;&#x440;&#x43E;&#x43A;&#x43B;&#x44F;&#x442;&#x43E;&#x435; &#x43D;&#x430;&#x441;&#x43B;&#x435;&#x434;&#x441;&#x442;&#x432;&#x43E;</subfield>
    <subfield code="f">&#x41F;&#x435;&#x440;. &#x412;. &#x421;&#x435;&#x43B;&#x438;&#x432;&#x430;&#x43D;&#x43E;&#x432;&#x43E;&#x439;, &#x418;. &#x41A;&#x43E;&#x43B;&#x442;&#x430;&#x448;&#x435;&#x432;&#x43E;&#x439;</subfield>
  </datafield>
  <datafield tag="210" ind1=" " ind2=" ">
    <subfield code="d">1994</subfield>
    <subfield code="a">&#x411;. &#x43C;.</subfield>
  </datafield>
  <datafield tag="215" ind1=" " ind2=" ">
    <subfield code="a">477, [2] &#x441;.</subfield>
    <subfield code="c">&#x438;&#x43B;.</subfield>
  </datafield>
  <datafield tag="461" ind1=" " ind2="0">
    <subfield code="1">001rc\269155</subfield>
    <subfield code="1">2001#$a&#x418;&#x440;&#x43E;&#x43D;&#x438;&#x447;&#x435;&#x441;&#x43A;&#x438;&#x439; &#x434;&#x435;&#x442;&#x435;&#x43A;&#x442;&#x438;&#x432; &#x418;&#x43E;&#x430;&#x43D;&#x43D;&#x44B; &#x425;&#x43C;&#x435;&#x43B;&#x435;&#x432;&#x441;&#x43A;&#x43E;&#x439;$e[&#x41F;&#x435;&#x440;. &#x441; &#x43F;&#x43E;&#x43B;&#x44C;&#x441;&#x43A;&#x43E;&#x433;&#x43E;$f&#x425;&#x443;&#x434;&#x43E;&#x436;. &#x41D;. &#x411;&#x443;&#x433;&#x43E;&#x441;&#x43B;&#x430;&#x432;&#x441;&#x43A;&#x430;&#x44F;]$v&#x422;. 2</subfield>
    <subfield code="1">700#1$a&#x425;&#x43C;&#x435;&#x43B;&#x435;&#x432;&#x441;&#x43A;&#x430;&#x44F;$b&#x418;.$f1932-2013$g&#x418;&#x43E;&#x430;&#x43D;&#x43D;&#x430;$3RU\NLR\AUTH\77319$4070</subfield>
    <subfield code="9">6527629</subfield>
    <subfield code="a">&#x425;&#x43C;&#x435;&#x43B;&#x435;&#x432;&#x441;&#x43A;&#x430;&#x44F;, &#x418;. (1932-2013)</subfield>
    <subfield code="c">&#x41C;.</subfield>
    <subfield code="d">1994-</subfield>
    <subfield code="f">&#x425;&#x443;&#x434;&#x43E;&#x436;. &#x41D;. &#x411;&#x443;&#x433;&#x43E;&#x441;&#x43B;&#x430;&#x432;&#x441;&#x43A;&#x430;&#x44F;]</subfield>
    <subfield code="n">&#x410;&#x432;&#x430;&#x43D;&#x442;&#x430;+</subfield>
    <subfield code="o">[&#x41F;&#x435;&#x440;. &#x441; &#x43F;&#x43E;&#x43B;&#x44C;&#x441;&#x43A;&#x43E;&#x433;&#x43E;</subfield>
    <subfield code="t">&#x418;&#x440;&#x43E;&#x43D;&#x438;&#x447;&#x435;&#x441;&#x43A;&#x438;&#x439; &#x434;&#x435;&#x442;&#x435;&#x43A;&#x442;&#x438;&#x432; &#x418;&#x43E;&#x430;&#x43D;&#x43D;&#x44B; &#x425;&#x43C;&#x435;&#x43B;&#x435;&#x432;&#x441;&#x43A;&#x43E;&#x439;</subfield>
    <subfield code="y">5865290053</subfield>
    <subfield code="v">&#x422;. 2</subfield>
  </datafield>
  <datafield tag="801" ind1=" " ind2="0">
    <subfield code="a">RU</subfield>
    <subfield code="b">NLR</subfield>
    <subfield code="g">psbo</subfield>
  </datafield>
  <datafield tag="801" ind1=" " ind2="1">
    <subfield code="a">RU</subfield>
    <subfield code="b">ELAR</subfield>
    <subfield code="2">rusmarc</subfield>
  </datafield>
  <datafield tag="852" ind1=" " ind2=" ">
    <subfield code="a">NLR</subfield>
    <subfield code="j">94-3/985</subfield>
  </datafield>
  <datafield tag="942" ind1=" " ind2=" ">
    <subfield code="c">BOOK</subfield>
  </datafield>
  <datafield tag="980" ind1=" " ind2=" ">
    <subfield code="a">NB</subfield>
  </datafield>
  <datafield tag="995" ind1=" " ind2=" ">
    <subfield code="5">2013-10-26</subfield>
    <subfield code="b">NLR01</subfield>
    <subfield code="c">NLR01</subfield>
    <subfield code="e">RF8</subfield>
    <subfield code="f">5625186-10</subfield>
    <subfield code="k">94-3/985</subfield>
    <subfield code="o">0</subfield>
    <subfield code="r">BOOK</subfield>
    <subfield code="s">943985_</subfield>
  </datafield>
</record>
